Критика теории замкнутого жизненного цикла фирмы; Справочник. Инженерный журнал; № 7

Podrobná bibliografie
Parent link:Справочник. Инженерный журнал: научно-технический и производственный журнал.— , 2000-.— 0203-347X
№ 7.— 2004.— С. 41-45
Hlavní autor: Романчин В. И.
Jazyk:ruština
Vydáno: 2004
Edice:Экономика
Témata:
Médium: Kapitola
KOHA link:https://koha.lib.tpu.ru/cgi-bin/koha/opac-detail.pl?biblionumber=392866

MARC

LEADER 00000naa2a2200000 4500
001 392866
005 20231101064322.0
035 |a (RuTPU)RU\TPU\prd\28538 
090 |a 392866 
100 |a 20041005a2004 k y0rusy50 ca 
101 0 |a rus 
102 |a RU 
200 1 |a Критика теории замкнутого жизненного цикла фирмы  |f В. И. Романчин 
225 1 |a Экономика 
320 |a Библиогр.: 5 назв. 
461 1 |0 (RuTPU)RU\TPU\prd\1723  |x 0203-347X  |t Справочник. Инженерный журнал  |o научно-технический и производственный журнал  |d 2000- 
463 1 |0 (RuTPU)RU\TPU\prd\27523  |t № 7  |v С. 41-45  |d 2004 
610 1 |a фирмы 
610 1 |a критика теории 
610 1 |a замкнутый жизненный цикл 
610 1 |a жизнециклический подход 
610 1 |a деловая активность 
610 1 |a антикризисное управление 
610 1 |a жизненный цикл продукции 
610 1 |a модификационные модели 
610 1 |a жизненный цикл организации 
610 1 |a производственные циклы 
610 1 |a промышленные предприятия 
700 1 |a Романчин  |b В. И. 
801 1 |a RU  |b 63413507  |c 20041005  |g PSBO 
801 2 |a RU  |b 63413507  |c 20140414  |g RCR 
942 |c BK